<?xml version="1.0" encoding="UTF-8"?>
<record
    xmlns:xsi="http://www.w3.org/2001/XMLSchema-instance"
    xsi:schemaLocation="http://www.loc.gov/MARC21/slim http://www.loc.gov/standards/marcxml/schema/MARC21slim.xsd"
    xmlns="http://www.loc.gov/MARC21/slim">

  <leader>02597nam a22002177a 4500</leader>
  <controlfield tag="005">20211022115604.0</controlfield>
  <controlfield tag="008">211022b           ||||| |||| 00| 0 eng d</controlfield>
  <datafield tag="020" ind1=" " ind2=" ">
    <subfield code="a">094525718X</subfield>
  </datafield>
  <datafield tag="040" ind1=" " ind2=" ">
    <subfield code="c">ALOY</subfield>
  </datafield>
  <datafield tag="041" ind1=" " ind2=" ">
    <subfield code="a">Eng</subfield>
  </datafield>
  <datafield tag="082" ind1=" " ind2=" ">
    <subfield code="2">23</subfield>
    <subfield code="a">338.9</subfield>
    <subfield code="b">KOTR</subfield>
  </datafield>
  <datafield tag="100" ind1=" " ind2=" ">
    <subfield code="a">Rajni Kothari</subfield>
    <subfield code="9">1537</subfield>
  </datafield>
  <datafield tag="245" ind1=" " ind2=" ">
    <subfield code="a">Rethinking development</subfield>
    <subfield code="b">In search of humane alternatives</subfield>
  </datafield>
  <datafield tag="260" ind1=" " ind2=" ">
    <subfield code="a">Delhi </subfield>
    <subfield code="b">Ajanta Publications (India)</subfield>
    <subfield code="c">1988</subfield>
  </datafield>
  <datafield tag="300" ind1=" " ind2=" ">
    <subfield code="a">vi,233p.</subfield>
    <subfield code="b">HB</subfield>
    <subfield code="c">24x16cm.</subfield>
  </datafield>
  <datafield tag="365" ind1=" " ind2=" ">
    <subfield code="b">&#x20B9;200.00</subfield>
    <subfield code="c">&#x20B9;</subfield>
    <subfield code="d">&#x20B9;200.00</subfield>
  </datafield>
  <datafield tag="520" ind1=" " ind2=" ">
    <subfield code="a">alternative analysis approach areas basic basis become called capitalism centre challenge civilisation classes communal concept concerns context continue countries course crisis cultural demands dependency devel diverse dominant economic elites emerged environment ethnic existing experience exploitation face fact forces framework fundamental given global groups growing growth hand happen historical human identity important increasing India individual industrial institutions integration intellectual interest involved issues kind knowledge lead levels living major mass means ment move movements nature necessary normative North organisation participation perspective political poor positive possible present problem production question regions relations relationship respect result rich rise role sense situation social society South strategy structure theory thinking Third World tion traditional transformation turn universal values various violence western whole



1988
Snippet view
Common terms and phrases
alternative analysis approach areas basic basis become called capitalism centre challenge civilisation classes communal concept concerns context continue countries course crisis cultural demands dependency devel diverse dominant economic elites emerged environment ethnic existing experience exploitation face fact forces framework fundamental given global groups growing growth hand happen historical human identity important increasing India individual industrial institutions integration intellectual interest involved issues kind knowledge lead levels living major mass means ment move movements nature necessary normative North organisation participation perspective political poor positive possible present problem production question regions relations relationship respect result rich rise role sense situation social society South strategy structure theory thinking Third World tion traditional transformation turn universal values various violence western whole</subfield>
  </datafield>
  <datafield tag="650" ind1=" " ind2=" ">
    <subfield code="a">Social Science</subfield>
    <subfield code="9">1538</subfield>
  </datafield>
  <datafield tag="700" ind1=" " ind2=" ">
    <subfield code="a">KOTHARI (Rajni)</subfield>
    <subfield code="9">1539</subfield>
  </datafield>
  <datafield tag="942" ind1=" " ind2=" ">
    <subfield code="2">ddc</subfield>
    <subfield code="c">GF</subfield>
  </datafield>
  <datafield tag="999" ind1=" " ind2=" ">
    <subfield code="c">216645</subfield>
    <subfield code="d">216645</subfield>
  </datafield>
  <datafield tag="952" ind1=" " ind2=" ">
    <subfield code="0">0</subfield>
    <subfield code="1">0</subfield>
    <subfield code="2">ddc</subfield>
    <subfield code="4">0</subfield>
    <subfield code="7">0</subfield>
    <subfield code="8">ECO</subfield>
    <subfield code="a">AL</subfield>
    <subfield code="b">AL</subfield>
    <subfield code="d">2013-03-24</subfield>
    <subfield code="l">4</subfield>
    <subfield code="o">338.9 KOTR</subfield>
    <subfield code="p">GF01358</subfield>
    <subfield code="r">2026-03-27 14:31:03</subfield>
    <subfield code="s">2025-07-23</subfield>
    <subfield code="v">200.00</subfield>
    <subfield code="w">2021-10-22</subfield>
    <subfield code="y">GF</subfield>
  </datafield>
</record>
